[Event "Marmaris Karya-13 IM 2022"]
[Site "Icmeler-Marmaris"]
[Date "2022.01.26"]
[Round "6.2"]
[White "Karadag, Eflatun Cem"]
[Black "Blesic, Vaso"]
[Result "0-1"]
[WhiteElo "1827"]
[BlackElo "2276"]
[Annotator "TA"]
[PlyCount "109"]
[EventDate "2022.01.27"]
[EventType "schev"]
[EventCountry "TUR"]
[SourceTitle "playchess.com"]
[Source "ChessBase"]
[SourceQuality "1"]

{[%evp 14,109,28,17,23,3,25,-2,0,9,18,5,0,-10,22,-6,14,4,13,5,0,0,14,0,6,-20,-7,-23,-15,-18,-14,-13,-14,-15,0,-27,-16,-22,-16,-37,-36,-80,-75,-81,-77,-150,-153,-154,-152,-147,-160,-158,-163,-148,-118,-118,-110,-120,-106,-114,-104,-131,-131,-131,-102,-116,-87,-87,-79,-181,-181,-198,-194,-270,-260,-280,-259,-281,-225,-224,-217,-571,-533,-612,-570,-564,-543,-601,-571,-1445,-8,-8,-8,-29964,-29966,-29967,-29965,-4134]} 1. e4 c6 2. d4 d5 3. exd5 cxd5 4. Bd3 Nc6 5. c3 Qc7 6. Ne2 Bg4 7. f3 Bh5 8. Bf4 Qd7 {B13: Caro-Kann: Exchange Variation and Panov-Botvinnik Attack.} 9. Bg3 Nf6 10. O-O e6 {The position is equal.} 11. Nf4 Bd6 12. Nd2 Bg6 {[#] Strongly threatening ...Bxf4.} 13. Nb3 $146 ({Predecessor:} 13. Qc2 Rc8 14. Bxg6 hxg6 15. Qd3 g5 16. Ne2 Bxg3 17. Nxg3 O-O 18. Rae1 Qd6 19. Qe3 {1-0 (40) Bayat,S (2091)-Somton,A (1818) Chess.com INT 2020}) 13... Qc7 14. Ne2 O-O 15. Bxg6 hxg6 16. Bxd6 Qxd6 17. Qd2 e5 18. dxe5 Nxe5 19. Ned4 Rfe8 20. Rfe1 Nc4 21. Qf2 Nh5 22. g3 {Inhibits Nf4.} Nf6 23. Rad1 Qb6 24. Kg2 Nd7 25. h4 Kf8 26. Kf1 Qa6 {[%csl LRa2,LRb2] White must now prevent ...Nxb2+.} 27. Kg2 (27. Kg1 $15) 27... Rxe1 (27... Qxa2 {looks sharper.} 28. Ra1 Qxb2 29. Qxb2 Nxb2 30. Rxe8+ Kxe8 31. Nb5 Ke7) 28. Rxe1 Qxa2 29. Ra1 (29. Re2 $142) 29... Qxb2 $17 30. Qxb2 Nxb2 31. Nb5 a6 {And now ...Rc8 would win.} 32. Nc7 Rc8 33. Nxd5 Nf6 34. Nxf6 gxf6 {[%mdl 4096] Endgame KRN-KRN} 35. Nd4 Nd3 36. Rb1 Nc5 37. Kf2 b5 38. Ne2 Re8 39. Rd1 {Inhibits Nd3+.} Na4 {[%cal Oe8e2] ...Rxe2+! is the strong threat.} (39... f5 {is interesting.} 40. Rd6 Re6 41. Rd8+ Ke7 42. Ra8 Nd3+) 40. Rd6 {[%csl LRa6,LRf6]} Re6 $1 41. Rxe6 (41. Rd8+ $17 {keeps fighting.} Ke7 42. Ra8) 41... fxe6 {[%cal Bf7e6,Be6e5][%mdl 32] KN-KN} 42. Ke3 Ke7 43. Kd2 (43. g4 {was necessary.}) 43... e5 44. Kc2 Nc5 45. f4 Ke6 {aiming for ...Kf5.} 46. g4 a5 47. fxe5 $2 (47. h5) 47... Kxe5 $19 48. h5 {[#]} gxh5 49. gxh5 {[#] Threatens to win with h6.} Kf5 $1 50. Nd4+ Kg5 51. Nxb5 f5 $2 (51... Kxh5 $19 52. Nd6 a4) 52. Nd4 $11 f4 53. Kd2 $2 {[%mdl 8192]} (53. Ne2 $11) 53... Kxh5 54. Ke2 Kg4 55. Nb5 {Weighted Error Value: White=0.45/Black=0.27 (precise)} 0-1

[Event "Marmaris Karya-13 IM 2022"]
[Site "Icmeler-Marmaris"]
[Date "2022.01.26"]
[Round "6.3"]
[White "Boshra, Alshaeby"]
[Black "Darban, Morteza"]
[Result "0-1"]
[WhiteElo "1974"]
[BlackElo "2261"]
[Annotator "TA"]
[PlyCount "78"]
[EventDate "2022.01.27"]
[EventType "schev"]
[EventCountry "TUR"]
[SourceTitle "playchess.com"]
[Source "ChessBase"]
[SourceQuality "1"]

{[%evp 14,78,8,-5,10,0,-6,-27,-34,-37,-22,-37,-12,-19,-12,-12,0,-24,-37,-43,0,-46,-33,-33,-26,-40,-33,-108,-106,-180,-169,-254,-249,-265,-254,-232,-237,-224,-189,-277,-229,-251,-143,-225,-135,-237,-231,-226,-209,-342,-343,-532,-527,-617,-626,-725,-705,-691,-593,-860,-847,-819,-825,-1128,-1110,-993,-920]} 1. e4 c5 2. Nf3 a6 3. d4 cxd4 4. Nxd4 Nf6 5. Bd3 g6 6. O-O d6 7. Nc3 Bg7 8. Kh1 O-O {B90: Sicilian Najdorf: Unusual White 6th moves, 6 Be3 Ng4 and 6 Be3 e5.} 9. f4 Nbd7 {[%cal Bb8d7,Bd7b6,Bb6c4][%mdl 32]} 10. Nb3 b5 {Black has an edge.} 11. a3 Bb7 12. Qe1 Qc7 {[#]} 13. Be3 $146 ({Predecessor:} 13. Qh4 Rae8 14. Bd2 e5 15. Rae1 d5 16. exd5 e4 17. Nxe4 Nxe4 18. Bxe4 Rxe4 19. Rxe4 Qxc2 {½-½ (45) Janosevic,D (2345)-Osterman,R (2295) Pula 1988}) 13... Rac8 14. Qh4 Nb6 15. Rae1 Nc4 16. Bc1 {[#]} Ba8 (16... Nxa3 $1 $15 17. e5 (17. bxa3 Qxc3) 17... Nh5 18. exd6 {[#]} exd6 $1) 17. Rf3 (17. a4 $11 {is superior.}) 17... Rfe8 18. Rh3 e6 19. Rf1 Qb7 20. Bxc4 {Black converts the advantage convincingly.} (20. Nd2 $15) 20... bxc4 $17 (20... Rxc4 $6 21. Na5 Qc8 22. Nxc4 Qxc4 23. Re1 $11) 21. Nd4 (21. Nd2 $17) 21... h5 $19 (21... Nxe4 22. Qxh7+ Kf8 23. Nf3 $17) 22. f5 (22. Qf2 $142) 22... Nxe4 (22... exf5 $2 23. Nxf5 gxf5 24. Bh6 Rxe4 25. Nxe4 Qxe4 26. Qg5 Qxg2+ 27. Qxg2 Bxg2+ 28. Kxg2 Bxh6 29. Rxf5 $19) 23. fxg6 fxg6 24. Nf3 Nxc3 25. bxc3 Qe4 (25... Bxc3 26. Qg3 Qe4 27. Nh4 $17) 26. Qg5 (26. Qf2 {keeps fighting.}) 26... Rc5 ({Wrong is} 26... Bxc3 $2 27. Nh4 Bg7 28. Nxg6 $19) 27. Qg3 Rd5 ({Worse is} 27... Bxc3 28. Bh6 $19) (27... Qxc2 $19 {aiming for ...Bxf3.} 28. Qxd6 Rd5) 28. Nd4 (28. Qf2 $17 {was called for.} Rf5 29. Rg3) 28... Qg4 $40 {[%mdl 128] White is in trouble.} 29. Rh4 ({Not} 29. Qf2 $2 Rxd4 30. Rf3 Bxf3 31. gxf3 Qh4 32. cxd4 Qxf2 33. Rxf2 Bxd4 $19) (29. Qxg4 $17 hxg4 30. Rh4) 29... Qxg3 30. hxg3 Rf8 31. Rxf8+ (31. Rhf4 $142) 31... Bxf8 32. Be3 (32. Kh2 {might work better.} Be7 33. Re4) 32... Be7 {Black is clearly winning.} 33. Rh3 e5 34. Ne6 Rd1+ 35. Kh2 Bb7 {Hoping for ...Re1.} 36. Bg5 Bxg5 37. Nxg5 Rd2 {[%csl LRc2,LRg2]} 38. Rh4 Rxg2+ 39. Kh3 Rg1 {Weighted Error Value: White=0.58/Black=0.16 (very precise)} 0-1

[Event "Marmaris Karya-13 IM 2022"]
[Site "Icmeler-Marmaris"]
[Date "2022.01.26"]
[Round "6.4"]
[White "Haussernot, Cecile"]
[Black "Ozsakallioglu, Okan"]
[Result "1-0"]
[WhiteElo "2188"]
[BlackElo "2179"]
[Annotator "RC"]
[PlyCount "73"]
[EventDate "2022.01.27"]
[EventType "schev"]
[EventCountry "TUR"]
[SourceTitle "playchess.com"]
[Source "ChessBase"]
[SourceQuality "1"]
[TimeControl "5400+30"]

1. e4 {[%emt 0:07:00]} c5 {[%emt 0:01:00]} 2. Nf3 {[%emt 0:00:30]} e6 {[%emt 0:00:00]} 3. d4 {[%emt 0:00:00]} cxd4 {[%emt 0:00:00]} 4. Nxd4 {[%emt 0:00:00]} Nf6 {[%emt 0:00:30]} 5. Bd3 {[%emt 0:00:30]} Nc6 {[%emt 0:01:30]} 6. Nxc6 {[%emt 0:01:30]} bxc6 {[%emt 0:00:00]} 7. O-O {[%emt 0:00:30]} d5 {[%emt 0:00:00]} 8. Qe2 {[%emt 0:02:30]} Be7 {[%emt 0:00:30]} 9. b3 {[%emt 0:01:30]} O-O {[%emt 0:01:30]} 10. Bb2 {[%emt 0:01:30]} a5 {[%emt 0:00:30]} 11. Nd2 {[%emt 0:13:30]} a4 {[%emt 0:00:30]} 12. Rab1 {[%emt 0:01:30]} axb3 {[%emt 0:01:30]} 13. axb3 {[%emt 0:00:30]} Nd7 {[%emt 0:00:30]} 14. c4 {[%emt 0:01:30]} Nc5 {[%emt 0:02:30]} 15. b4 {[%emt 0:10:30]} Nxd3 {[%emt 0:02:30]} 16. Qxd3 {[%emt 0:00:00]} dxc4 {[%emt 0:00:00]} 17. Qc3 {[%emt 0:03:00]} Bf6 {[%emt 0:11:00]} 18. e5 {[%emt 0:00:30]} Be7 {[%emt 0:00:30]} 19. Nxc4 {[%emt 0:00:30]} Ba6 {[%emt 0:00:30]} 20. Rfd1 {[%emt 0:01:30]} Qc7 {[%emt 0:00:30]} 21. Nd6 {[%emt 0:00:30]} Qb6 {[%emt 0:01:30]} 22. Bc1 {[%emt 0:02:30]} Bxd6 {[%emt 0:08:30]} 23. exd6 {[%emt 0:00:30]} Be2 {[%emt 0:00:30]} 24. Be3 {[%emt 0:07:30]} Qb5 {[%emt 0:00:30]} 25. Rdc1 {[%emt 0:03:30]} Bd3 {[%emt 0:01:30]} 26. Ra1 {[%emt 0:01:30]} Be4 {[%emt 0:00:30]} 27. Bc5 {[%emt 0:00:30]} Rad8 {[%emt 0:07:30]} 28. d7 {[%emt 0:01:30]} Rxd7 {[%emt 0:00:30]} 29. Bxf8 {[%emt 0:00:30]} Kxf8 {[%emt 0:01:30]} 30. Ra8+ {[%emt 0:00:30]} Ke7 {[%emt 0:00:00]} 31. Qxg7 {[%emt 0:00:30]} Qh5 {[%emt 0:02:00]} 32. Qf8+ {[%emt 0:03:30]} Kf6 {[%emt 0:00:30]} 33. Qh8+ {[%emt 0:00:00]} Kf5 {[%emt 0:00:00]} 34. f3 {[%emt 0:01:00]} Bxf3 {[%emt 0:00:00]} 35. Rf1 {[%emt 0:00:30]} Rd1 {[%emt 0:01:30]} 36. Rxd1 {[%emt 0:01:30]} Qg5 {[%emt 0:00:30]} 37. Ra5+ {[%emt 0:00:30]} 1-0

[Event "Marmaris Karya-13 IM 2022"]
[Site "Icmeler-Marmaris"]
[Date "2022.01.26"]
[Round "6.5"]
[White "Kirilmaz, Emre"]
[Black "Ahmad, Al Khatib"]
[Result "0-1"]
[WhiteElo "2229"]
[BlackElo "2218"]
[Annotator "TA"]
[PlyCount "80"]
[EventDate "2022.01.27"]
[EventType "schev"]
[EventCountry "TUR"]
[SourceTitle "playchess.com"]
[Source "ChessBase"]
[SourceQuality "1"]

{[%evp 9,80,16,30,0,0,0,16,2,22,-20,-26,-13,0,0,67,67,67,72,106,12,21,0,1,-36,69,45,36,45,35,27,34,-13,-8,-12,0,-17,-6,-16,-9,-34,39,22,55,59,107,-393,-372,-314,-65,-512,-485,-506,-338,-338,-338,-334,-338,-338,-329,-329,-315,-235,-300,-298,-219,-2246,-2096,-2012,-3443,-29979,-29980,-29967,-29963]} 1. d4 Nf6 2. c3 d5 3. Bg5 Ne4 4. Bf4 g5 5. Bc1 {[#]} Rg8 $146 ({Predecessor:} 5... h6 6. g3 Bg7 7. Bg2 O-O 8. Nf3 b6 9. O-O Nd7 10. Nbd2 Ndf6 11. Nxe4 Nxe4 12. Nd2 Bb7 13. Nxe4 dxe4 14. Qc2 f5 15. f3 exf3 {½-½ (15) Karnik,P (2305)-Sorm,D (2317) Kouty nad Desnou 2019}) 6. Nf3 {D00: 1 d4 d5: Unusual lines.} Nc6 7. Nbd2 Nxd2 8. Bxd2 {The position is equal.} g4 9. Ne5 (9. Nh4 $142 $1) 9... Nxe5 $11 10. dxe5 Bg7 11. Bf4 f6 (11... Be6 $11) 12. exf6 $14 Bxf6 13. e4 e5 {[#]} 14. Bg3 (14. Be3 $1 $16) 14... Be6 15. Qb3 Qd6 16. Rd1 {Strongly threatening Bb5+.} c6 {To avoid Bb5} (16... O-O-O $15) 17. exd5 cxd5 18. Qxb7 Rb8 19. Qxh7 Rxb2 20. Bd3 (20. Qxa7 Qc6 21. Qa3 Qb6 $17) (20. a4 $1 $14) 20... Qe7 $1 $11 21. Bg6+ Kd7 22. O-O Qxh7 {Really sharp!} 23. Bxh7 Rc8 $36 {[%mdl 2048] Black is more active.} 24. f3 {[%cal Bf2f3,Bf3g4,Bg4g5][%mdl 32]} Rxc3 ({Better is} 24... gxf3 $1 $15 25. Rxf3 Ke7) 25. fxg4 $14 Bg7 26. g5 d4 (26... Rxa2 $14 27. Rb1 a5) 27. Rf6 $2 {[%mdl 8192]} Bxf6 $19 28. gxf6 {[#]} Bd5 $2 ({Worse is} 28... Rxa2 29. Bxe5 Re3 30. Rxd4+ (30. Bxd4 Ree2 $17) 30... Ke8 31. Bg6+ Bf7 32. Re4 $11) ({Black should play} 28... Re3 $1 $19 {And now ...Ree2 would win.} 29. a4 Ree2) 29. Bf5+ $2 {[%mdl 8192]} (29. Bxe5 $15 Rxg2+ 30. Kf1) 29... Kd6 30. Bh3 d3 {Threatens to win with ...d2.} 31. Re1 Re2 32. Rxe2 dxe2 {[%mdl 4096] Endgame KRB-KB} 33. Be1 Rc2 ({Not} 33... Rc1 34. Kf2 $17) 34. Bb4+ Kc6 35. Kf2 Rxa2 {White must now prevent ...Bf7.} ({Stronger than} 35... Bxa2 36. Bf5 Rc4 37. Bd2 $15) 36. Bc3 e4 {[%cal Be5e4,Be4e3][%mdl 32]} 37. Be1 $2 (37. Bf5 e1=R+ 38. Kxe1) 37... Kc5 {...Kd4 is the strong threat.} 38. Bg4 Kd4 {( -> ...e3+)} 39. h4 e3+ 40. Kg3 Ra1 {Weighted Error Value: White=0.87/Black=0.35} 0-1

[Event "Marmaris Karya-13 IM 2022"]
[Site "Icmeler-Marmaris"]
[Date "2022.01.26"]
[Round "7.1"]
[White "Sibashvili, Giorgi"]
[Black "Karadag, Eflatun Cem"]
[Result "1-0"]
[WhiteElo "2398"]
[BlackElo "1827"]
[Annotator "TA"]
[PlyCount "71"]
[EventDate "2022.01.27"]
[EventType "schev"]
[EventCountry "TUR"]
[SourceTitle "playchess.com"]
[Source "ChessBase"]
[SourceQuality "1"]

{[%evp 21,71,0,16,13,18,2,6,21,25,17,20,2,8,0,8,0,0,11,10,0,0,0,0,0,0,0,60,61,76,60,67,66,92,43,270,273,275,243,263,263,272,256,462,460,977,600,1156,1056,2845,2688,6295,4906]} 1. e4 e5 2. Nf3 Nc6 3. d4 exd4 4. Bc4 Nf6 5. e5 d5 6. Bb5 Ne4 7. Nxd4 Bd7 8. Bxc6 bxc6 9. O-O Bc5 10. f3 Ng5 11. Be3 Bb6 12. f4 {C56: Two Knights: 4 d4 exd4 5 0-0 Nxe4.} Ne4 13. Nd2 Nxd2 14. Qxd2 {The position is equal.} O-O 15. Nb3 f6 {15...f6 scores better than 15...Qe7.} 16. a4 {[%cal Ba2a4,Ba4a5,Ba5a6][%mdl 32]} fxe5 17. fxe5 Qg5 18. Rxf8+ Rxf8 19. Re1 {[%cal Oe5e6]} Bf5 $1 {[%cal Of5c2] [#]} 20. a5 $146 ({Predecessor:} 20. Nd4 Qg6 21. Nxf5 Qxf5 22. a5 Bxe3+ 23. Qxe3 Qxc2 24. e6 Re8 25. Qxa7 Qd2 26. Qf2 Qxf2+ 27. Kxf2 {1-0 (36) Kiseleva,S-Moya Albaladejo,J (1962) Benidorm 2009}) 20... Bxe3+ 21. Qxe3 Qxe3+ 22. Rxe3 {Black must now prevent Rc3.} Bxc2 $11 {[%mdl 4096] Endgame KRB-KRN} 23. Nd4 {[%csl LRc2,LRc6]} Be4 (23... Ba4 $11) 24. Nxc6 $14 Kf7 25. a6 Ke6 26. b4 Ra8 27. b5 {White is more active.} (27. Kf2 $16) 27... Bg6 $2 {[#] This costs Black the game.} ({Black should try} 27... Kf5 $14) 28. Nd4+ $18 Kd7 29. Rc3 Bf7 30. Kf2 Rb8 31. Rc5 Rb6 $2 {[#]} (31... Rf8 32. Ke3 Ra8) 32. Nc6 {White is clearly winning.} Ke6 (32... Rxc6 $142 33. Rxc6 d4) 33. Nd8+ Ke7 34. Nxf7 Kxf7 35. Rxc7+ Ke6 36. Rb7 {Weighted Error Value: White=0.24 (precise) /Black=0.44} 1-0

[Event "Marmaris Karya-13 IM 2022"]
[Site "Icmeler-Marmaris"]
[Date "2022.01.26"]
[Round "7.2"]
[White "Blesic, Vaso"]
[Black "Boshra, Alshaeby"]
[Result "1-0"]
[WhiteElo "2276"]
[BlackElo "1974"]
[Annotator "TA"]
[PlyCount "97"]
[EventDate "2022.01.27"]
[EventType "schev"]
[EventCountry "TUR"]
[SourceTitle "playchess.com"]
[Source "ChessBase"]
[SourceQuality "1"]

{[%evp 15,97,55,57,51,71,68,75,55,100,41,88,70,83,69,140,145,136,156,143,142,175,174,181,183,200,164,136,153,160,154,185,189,193,183,181,187,182,171,328,319,375,371,377,376,512,506,518,520,496,483,821,466,511,185,446,441,417,376,404,259,522,497,851,836,777,567,1099,536,549,535,538,516,793,744,1245,952,984,872,763,756,732,711,694,637]} 1. d4 Nf6 2. c4 g6 3. Nc3 Bg7 4. e4 d6 5. Nf3 O-O 6. Be2 Qe8 7. O-O e5 8. dxe5 dxe5 9. Be3 {E94: King's Indian: Classical: 6 Be2 e5 7 0-0: Various Black 7th moves.} Nbd7 {is the legacy move (9...Na6).} 10. b4 {[#] White is much more active. Black has bad knights.} Qe7 $146 ({Predecessor:} 10... c6 11. Qd6 Ng4 12. Bc1 f5 13. h3 Ngf6 14. Ng5 Nb8 15. Bb2 h6 16. Nf3 fxe4 17. Nxe5 Nbd7 18. f4 exf3 19. Nxf3 Nh5 20. Rae1 Qe3+ 21. Kh2 Qf4+ {½-½ (21) Shirov,A (2695)-Milov,V (2570) Biel 1995}) 11. Qb3 {White is better.} (11. Nd5 $5 {[%cal Rd5e7]} Qd8 12. Qc2 $14) 11... Ng4 (11... Re8 $14 {deserves consideration.}) 12. Bd2 (12. Bg5 $16 f6 13. Nd5) 12... Bh6 (12... c6 $14) 13. c5 Bxd2 14. Nxd2 {[%cal Bf3d2,Bd2c4,Bc4e5][%mdl 32]} Qh4 (14... Ndf6 $14) 15. Bxg4 $16 Qxg4 16. Nb5 c6 17. Nd6 Nf6 18. N2c4 Be6 {[%cal Oa7a5] [#]} 19. Nxe5 $1 {[%mdl 512] Pair of Knights!} Qe2 (19... Bxb3 20. Nxg4) 20. Qf3 Qxf3 21. Nxf3 a5 22. a3 {[%cal Ba2a3,Ba3b4][%mdl 32]} Ra7 23. Nd4 axb4 24. axb4 Rfa8 25. Rxa7 Rxa7 26. Rb1 Ra2 $2 (26... Bd7 {was worth a try.} 27. Nb3 Ne8 28. Nxe8 Bxe8) 27. f3 $18 Nh5 28. Nxe6 fxe6 {[%mdl 4096] Endgame KRN-KRN} 29. g3 {Prevents Nf4.} g5 30. Nxb7 g4 31. fxg4 Nf6 32. Nd8 {[%csl LRc6,LRe6]} Nxg4 (32... Nxe4 $142 33. Re1 (33. Nxe6 Nd2 $11) 33... Nf2 34. Rxe6 Nxg4 35. Nxc6 Rc2) 33. Rf1 Ne3 34. Rf3 (34. Rc1) 34... Ra1+ $2 (34... Rg2+ 35. Kh1 Rd2 36. Rxe3 Rxd8) 35. Kf2 Ng4+ 36. Kg2 Ra2+ 37. Kg1 Ra1+ $2 (37... Ne5 {was necessary.} 38. Rf2 Ra4 39. Nxe6 Nf7) 38. Rf1 {White is clearly winning.} Ra2 (38... Ra6 $142 39. Nxe6 Ra8) 39. Nxc6 Ne3 40. Rf3 Rg2+ 41. Kh1 Re2 {[#] ( -> ...Re1+)} 42. h3 Re1+ 43. Kh2 Re2+ (43... Nf1+ $142 44. Kg2 Nd2) 44. Kg1 Rg2+ 45. Kh1 Re2 46. Ne7+ Kg7 47. c6 {[%cal Of3e3] Threatens to win with Rxe3!} Re1+ 48. Kh2 {[%cal Of3e3] And now Rxe3! would win.} Re2+ 49. Kg1 {Weighted Error Value: White=0.43/Black=0.54} 1-0

[Event "Marmaris Karya-13 IM 2022"]
[Site "Icmeler-Marmaris"]
[Date "2022.01.26"]
[Round "7.3"]
[White "Darban, Morteza"]
[Black "Haussernot, Cecile"]
[Result "1-0"]
[WhiteElo "2261"]
[BlackElo "2188"]
[Annotator "TA"]
[PlyCount "89"]
[EventDate "2022.01.27"]
[EventType "schev"]
[EventCountry "TUR"]
[SourceTitle "playchess.com"]
[Source "ChessBase"]
[SourceQuality "1"]

{[%evp 10,89,18,19,10,0,4,0,24,-12,0,-16,-14,-18,23,28,31,23,64,39,53,56,53,40,58,39,34,16,26,38,41,23,81,24,14,15,15,15,18,12,11,12,13,11,29,33,35,31,75,7,27,0,114,51,422,422,422,422,414,407,363,372,486,483,451,401,598,512,752,733,763,743,29976,29977,29977,29978,29981,29982,29982,12839,5397,1460]} 1. c4 e5 2. e3 Nf6 3. Nc3 Bb4 4. Nge2 O-O 5. a3 Bxc3 6. Nxc3 b6 {A22: English Opening: 1...e5 2 Nc3 Nf6.} 7. b4 Bb7 8. Bb2 {[#]} c5 $146 {The position is equal.} ({Predecessor:} 8... d6 9. d4 exd4 10. Qxd4 Nc6 11. Qh4 Ne5 12. Rd1 a5 13. b5 Qe7 14. Be2 Ng6 {½-½ (21) Khlian,E (2454)-Turov,M (2564) Krasnodar 2001}) 9. Ne2 Qe7 10. bxc5 bxc5 11. Ng3 Na6 (11... g6 $142) 12. Bd3 $11 Rab8 (12... Bxg2 $2 13. Rg1 $18) 13. Qc2 ({Worse is} 13. Nf5 Qe6 14. f3 Bxf3 $1 15. gxf3 Rxb2 $17) 13... Qe6 (13... Bxg2 $2 14. Nf5 $1 Qe6 15. Rg1 $18) (13... d6 $11) 14. f3 Rfe8 15. O-O Nc7 16. Rab1 Bc6 17. Bc3 d6 18. Ne4 (18. Rxb8 {feels hotter.} Rxb8 19. Rb1 Rf8 20. Ba5 Qd7 21. Ne4) 18... Nxe4 19. Bxe4 Bxe4 20. Qxe4 Qd7 {[#]} (20... Na8 $11 {remains equal.}) 21. Rxb8 {White is more active.} (21. Rb7 $1 $16) 21... Rxb8 22. Rb1 Rxb1+ 23. Qxb1 {Black must now prevent Qb7.} Qc8 {Prevents Qb7.} 24. Qe4 {And now Qc6 would win.} Ne8 25. f4 Nf6 26. Qf3 $40 {[%mdl 128] Black needs to defend precisely.} e4 27. Qd1 Qb7 {Inhibits Qb1.} 28. h3 d5 (28... h6 $14) 29. Bxf6 (29. Qa1 $16) 29... gxf6 $16 {[%mdl 4096] Endgame KQ-KQ} 30. Qg4+ Kh8 {[#]} (30... Kf8 $11 {keeps the balance.}) 31. Qf5 ({White should play} 31. Qh5 $1 $16) 31... dxc4 $2 {[%mdl 8192] This move loses the game for Black.} (31... Qb2 $1 $14) 32. Qxf6+ $18 Kg8 33. Qg5+ Kh8 34. Qxc5 {[%cal Rc5f8]} Kg7 {To avoid Qf8+} 35. Qxc4 h5 36. Kh2 h4 37. Qb4 Qa8 (37... Qa6 $142 38. Qc5 Kg8) 38. Qe7 Qc6 39. Qg5+ Kf8 40. Qxh4 Qc1 41. Qd8+ Kg7 42. Qd4+ Kg8 43. Qxa7 Qxd2 44. Qa8+ (44. a4 $142 Qd3 45. a5 Kh7 46. Qb6 Kg7 47. a6 Kf8 48. Qb8+ Ke7 49. a7) 44... Kg7 45. Qxe4 {Weighted Error Value: White=0.14 (very precise) /Black=0.62} 1-0

[Event "Marmaris Karya-13 IM 2022"]
[Site "Icmeler-Marmaris"]
[Date "2022.01.26"]
[Round "7.4"]
[White "Ozsakallioglu, Okan"]
[Black "Kirilmaz, Emre"]
[Result "1-0"]
[WhiteElo "2179"]
[BlackElo "2229"]
[Annotator "TA"]
[PlyCount "89"]
[EventDate "2022.01.27"]
[EventType "schev"]
[EventCountry "TUR"]
[SourceTitle "playchess.com"]
[Source "ChessBase"]
[SourceQuality "1"]

{[%evp 25,88,-2,18,12,34,-63,-63,-77,-62,-65,-16,-7,0,0,43,35,32,20,50,46,58,48,94,89,127,41,74,56,66,78,87,31,30,34,64,70,66,76,208,208,289,226,431,343,397,405,551,431,679,660,1198,1192,1098,1088,1270,673,1021,797,771,571,1095,1039,29991,29992,29999]} 1. e4 c6 2. d4 d5 3. Nd2 dxe4 4. Nxe4 Bf5 5. Ng3 Bg6 6. h4 h6 7. Nf3 Nd7 8. h5 Bh7 9. Bd3 Bxd3 10. Qxd3 Ngf6 11. Bd2 e6 12. O-O-O Be7 13. Qe2 O-O 14. Nf1 {[%cal Og2g4] B19: Classical Caro-Kann: 4...Bf5 main line.} Kh8 15. g4 (15. Rg1 $14) 15... Nxg4 $15 16. Rg1 {Black is slightly better.} Ngf6 17. Ne5 {[#]} Ne8 $146 (17... Qe8 $15) ({Predecessor:} 17... Nb6 18. Nh2 Qd5 19. c4 Qe4 20. Be3 Qf5 21. Rg3 Nbd7 22. f4 Rad8 23. Rdg1 Nxh5 {0-1 (29) Paikidze,N (2278)-Melia,S (2431) Moscow 2010}) 18. Kb1 Nd6 19. Ne3 Bg5 (19... Qe8 $11) 20. N3c4 (20. Bb4 {with more complications.} Be7 21. Bxd6 Bxd6 22. Qg4 Bxe5 23. dxe5 Rg8 24. Qf4) 20... Nxc4 21. Bxg5 hxg5 22. Nxc4 Qf6 23. Nd6 Qh6 (23... Qf4 $14 24. Nxb7 Qc7) 24. Nxb7 $16 {White is much more active.} Nf6 25. Rh1 ({Better is} 25. Qe5 $16) 25... Nd5 {[#] aiming for ...Rfb8.} 26. Nd6 Rab8 {Strongly threatening ...Nc3+.} 27. Ka1 Qf6 28. Rhg1 (28. Ne4 $16 Qh6 29. Nc5) 28... Qe7 $14 29. Ne4 Rb6 30. c3 Rfb8 31. Rd2 a5 {Loses the game.} (31... Nf4 $16 {was worth a try.} 32. Qe3 f6) 32. Nxg5 $18 ({Avoid the trap} 32. Rxg5 $2 {[#]} Nxc3 $1 {[%mdl 512]} 33. Nxc3 Qxg5 $19) 32... a4 33. Qd3 {[%csl Gg5][%cal Rd3h7]} f5 $2 (33... Nf6 34. h6 g6) 34. Nf3 Qb7 {[%cal Rb6b2]} 35. Qc2 Qa6 36. Qc1 Qa5 (36... Nf4 $142 37. c4 a3) 37. Rc2 Rb3 38. Qg5 {[%csl Gg1][%cal Rg5g7]} R3b7 39. h6 {[%cal Rh6g7]} g6 40. Qxg6 a3 {[%cal Ra3b2]} 41. b3 Qd8 42. h7 {Threatens to win with Ne5.} Nf4 43. Qh6 {Threatening mate with Rg8+.} Nd5 44. Ne5 {[%cal Re5g6]} Rxh7 45. Nf7# {Weighted Error Value: White=0.42/Black=0.77} 1-0

[Event "Marmaris Karya-13 IM 2022"]
[Site "Icmeler-Marmaris"]
[Date "2022.01.26"]
[Round "7.5"]
[White "Ahmad, Al Khatib"]
[Black "Kaya, Serhat"]
[Result "1-0"]
[WhiteElo "2218"]
[BlackElo "1705"]
[Annotator "TA"]
[PlyCount "36"]
[EventDate "2022.01.27"]
[EventType "schev"]
[EventCountry "TUR"]
[SourceTitle "playchess.com"]
[Source "ChessBase"]
[SourceQuality "1"]

{[%evp 10,36,11,8,0,12,1,2,16,0,0,-17,-35,-30,0,0,0,0,0,0,142,119,188,191,160,163,314,297,543]} 1. e4 c6 2. d4 d5 3. e5 Bf5 4. Nd2 e6 5. Nb3 Nd7 6. Nf3 {[%cal Bg1f3,Bf3g5,Bg5f7,Bf7h8][%mdl 32]} Qc7 {B12: Caro-Kann: Advance Variation.} 7. Be2 f6 {[%cal Rf6e5]} 8. Bf4 O-O-O {The position is equal.} 9. Bg3 fxe5 10. dxe5 c5 {[#] Inhibits Nbd4.} 11. Ng5 $146 ({Predecessor:} 11. O-O h6 12. c4 d4 13. Nc1 g5 14. Nd3 Ne7 15. b4 Ng6 16. bxc5 Bxc5 17. Qd2 {1-0 (54) Donchenko,A (2237)-Arcuti,D (2358) Karlsruhe 2019}) 11... Nxe5 12. Bxe5 Qxe5 13. Nf7 $1 {[%csl LRd8,LRe5,LRh8]} Qxb2 {[%cal Oc5c4]} 14. O-O Rd7 15. Nxh8 $16 {And now g4 would win. Pair of Knights!} g5 {[#]} (15... Bd6 $16 {was worth a try.}) 16. g4 $1 $18 Bxc2 (16... Be4 17. c3) 17. Qd2 {[%cal Oa1c1] Threatens to win with Rac1!} Bd6 $2 (17... Qxh8 18. Qxc2 Bd6) 18. Rac1 Bf4 $2 {Weighted Error Value: White=0.03 (flawless) /Black=0.34} (18... Qxh8 {was necessary.} 19. Rxc2 Qe5) 1-0